[Event "Balkan Youth Online-ch 2020"]
[Site "Online"]
[Date "2020.10.31"]
[Round "4.91"]
[White "Mihailidou, Magdalini"]
[Black "Lupascu, Diana-Elena"]
[Result "1-0"]
[WhiteElo "1796"]
[BlackElo "1668"]
[Annotator "NA RC"]
[PlyCount "93"]
[EventDate "2020.10.31"]
[EventType "swiss"]
[SourceTitle "playchess.com"]
[Source "ChessBase"]
[SourceQuality "1"]
[TimeControl "1500+5"]

1. e4 {[%emt 0:00:00]} c5 {[%emt 0:00:01]} 2. Nf3 {[%emt 0:00:00]} d6 {[%emt 0:00:00]} 3. d4 {[%emt 0:00:00]} cxd4 {[%emt 0:00:00]} 4. Nxd4 {[%emt 0:00:00]} Nf6 {[%emt 0:00:00]} 5. Nc3 {[%emt 0:00:00]} g6 {[%emt 0:00:00]} 6. Be3 {[%emt 0:00:00]} Bg7 {[%emt 0:00:00]} 7. f3 {[%emt 0:00:00]} Nc6 {[%emt 0:00:00]} 8. Qd2 {[%emt 0:00:00]} O-O {[%emt 0:00:00]} 9. O-O-O {[%emt 0:00:00]} d5 {[%emt 0:00:51]} 10. Qe1 {[%emt 0:00:00]} e5 {[%emt 0:00:58]} 11. Nxc6 {[%emt 0:00:50]} bxc6 {[%emt 0:00:01]} 12. exd5 {[%emt 0:00:00]} cxd5 {[%emt 0:03:42]} 13. Bg5 {[%emt 0:00:10]} d4 {[%emt 0:01:40]} 14. Qxe5 {[%emt 0:00:12]} Ng4 {[%emt 0:03:32]} 15. Qf4 {[%emt 0:03:08]} Qa5 {[%emt 0:03:04]} 16. Ne4 {[%emt 0:09:37]} Be5 {[%emt 0:09:33]} 17. Qd2 {[%emt 0:03:30]} Qxa2 {[%emt 0:00:00]} 18. Qd3 {[%emt 0:00:08]} Ne3 {[%emt 0:00:44]} 19. Bxe3 {[%emt 0:01:51]} dxe3 {[%emt 0:00:20]} 20. c3 {[%emt 0:00:29]} Rb8 {[%emt 0:00:51]} 21. Qb1 {[%emt 0:00:11]} Qb3 {[%emt 0:00:18]} 22. Bd3 {[%emt 0:00:32]} e2 {[%emt 0:00:23]} 23. Bxe2 {[%emt 0:00:02]} Bf5 {[%emt 0:00:15]} 24. Qc2 {[%emt 0:00:49]} Qa2 {[%emt 0:00:18]} 25. g3 {[%emt 0:00:06]} Rfc8 {[%emt 0:00:10]} 26. Bd3 {[%emt 0:03:29]} Qa1+ {[%emt 0:00:09]} 27. Qb1 {[%emt 0:00:01]} Qxb1+ {[%emt 0:00:07]} 28. Bxb1 {[%emt 0:00:00]} Rb7 {[%emt 0:00:05]} 29. Nd6 {[%emt 0:00:13]} Bxb1 {[%emt 0:00:05]} 30. Nxc8 {[%emt 0:00:01]} Bf5 {[%emt 0:00:09]} 31. Nd6 {[%emt 0:00:00]} Rb6 {[%emt 0:00:01]} 32. Nxf5 {[%emt 0:00:06]} gxf5 {[%emt 0:00:00]} 33. Rd5 {[%emt 0:00:00]} Bg7 {[%emt 0:00:00]} 34. Rxf5 {[%emt 0:00:00]} Ra6 {[%emt 0:00:00]} 35. Kc2 {[%emt 0:00:00]} Re6 {[%emt 0:00:00]} 36. Rd1 {[%emt 0:00:00]} h6 {[%emt 0:00:00]} 37. Rd8+ {[%emt 0:00:00]} Kh7 {[%emt 0:00:00]} 38. Rxf7 {[%emt 0:00:00]} Kg6 {[%emt 0:00:00]} 39. Rfd7 {[%emt 0:00:00]} Re2+ {[%emt 0:00:00]} 40. Rd2 {[%emt 0:00:00]} Re3 {[%emt 0:00:00]} 41. R2d6+ {[%emt 0:00:00]} Kh7 {[%emt 0:00:11]} 42. f4 {[%emt 0:00:00]} Re2+ {[%emt 0:00:00]} 43. Rd2 {[%emt 0:00:00]} Re1 {[%emt 0:00:00]} 44. R8d7 {[%emt 0:00:00]} a5 {[%emt 0:00:00]} 45. Ra7 {[%emt 0:00:00]} Kg6 {[%emt 0:00:00]} 46. Rd6+ {[%emt 0:00:00]} Kh5 {[%emt 0:00:00]} 47. Rxg7 {[%emt 0:00:00]} 1-0

[Event "Balkan Youth Online-ch 2020"]
[Site "Online"]
[Date "2020.10.31"]
[Round "4.92"]
[White "Eftovska, Lea"]
[Black "Yilmaz, Duygu Sila"]
[Result "1-0"]
[WhiteElo "1587"]
[BlackElo "1408"]
[Annotator "NA RC"]
[PlyCount "59"]
[EventDate "2020.10.31"]
[EventType "swiss"]
[SourceTitle "playchess.com"]
[Source "ChessBase"]
[SourceQuality "1"]
[TimeControl "1500+5"]

1. e4 {[%emt 0:00:00]} e5 {[%emt 0:00:00]} 2. Nf3 {[%emt 0:00:00]} Nc6 {[%emt 0:00:00]} 3. Bc4 {[%emt 0:00:00]} Bc5 {[%emt 0:00:00]} 4. d3 {[%emt 0:00:00]} Nf6 {[%emt 0:00:09]} 5. O-O {[%emt 0:00:00]} d6 {[%emt 0:00:01]} 6. c3 {[%emt 0:00:00]} O-O {[%emt 0:00:55]} 7. b4 {[%emt 0:00:00]} Bb6 {[%emt 0:00:00]} 8. a4 {[%emt 0:00:00]} a5 {[%emt 0:00:45]} 9. b5 {[%emt 0:00:00]} Ne7 {[%emt 0:00:00]} 10. h3 {[%emt 0:00:00]} Ng6 {[%emt 0:00:38]} 11. Re1 {[%emt 0:00:03]} Qe7 {[%emt 0:02:48]} 12. Nbd2 {[%emt 0:00:36]} Nh5 {[%emt 0:04:17]} 13. Nf1 {[%emt 0:01:24]} Nhf4 {[%emt 0:00:25]} 14. Bxf4 {[%emt 0:00:49]} Nxf4 {[%emt 0:00:00]} 15. d4 {[%emt 0:00:01]} Qf6 {[%emt 0:03:37]} 16. Kh2 {[%emt 0:04:12]} Qh6 {[%emt 0:06:30]} 17. Ng1 {[%emt 0:01:43]} c6 {[%emt 0:05:08]} 18. Ng3 {[%emt 0:02:16]} d5 {[%emt 0:00:44]} 19. exd5 {[%emt 0:01:04]} cxd5 {[%emt 0:00:00]} 20. Bf1 {[%emt 0:00:08]} e4 {[%emt 0:00:07]} 21. f3 {[%emt 0:02:57]} e3 {[%emt 0:00:23]} 22. Qc1 {[%emt 0:03:39]} Re8 {[%emt 0:00:04]} 23. Rxe3 {[%emt 0:00:13]} Be6 {[%emt 0:00:03]} 24. N1e2 {[%emt 0:01:02]} Bc7 {[%emt 0:00:05]} 25. Kg1 {[%emt 0:01:31]} Qg5 {[%emt 0:00:06]} 26. Kh1 {[%emt 0:02:06]} h5 {[%emt 0:00:09]} 27. Rd3 {[%emt 0:00:52]} h4 {[%emt 0:00:02]} 28. Nh5 {[%emt 0:00:47]} Nxd3 {[%emt 0:00:00]} 29. Qxg5 {[%emt 0:00:03]} g6 {[%emt 0:00:00]} 30. Nf6+ {[%emt 0:00:00]} 1-0

[Event "Balkan Youth Online-ch 2020"]
[Site "Online"]
[Date "2020.10.31"]
[Round "4.93"]
[White "Bojovic, Neda"]
[Black "Shqau, Olta"]
[Result "1/2-1/2"]
[WhiteElo "1316"]
[BlackElo "1373"]
[Annotator "NA RC"]
[PlyCount "47"]
[EventDate "2020.10.31"]
[EventType "swiss"]
[SourceTitle "playchess.com"]
[Source "ChessBase"]
[SourceQuality "1"]
[TimeControl "1500+5"]

1. d4 {[%emt 0:00:00]} e6 {[%emt 0:00:10]} 2. c4 {[%emt 0:00:00]} d5 {[%emt 0:00:21]} 3. Nc3 {[%emt 0:00:00]} Nf6 {[%emt 0:00:00]} 4. Bg5 {[%emt 0:00:00]} c5 {[%emt 0:00:00]} 5. e3 {[%emt 0:00:00]} Nc6 {[%emt 0:00:00]} 6. Nf3 {[%emt 0:00:05]} Be7 {[%emt 0:00:00]} 7. cxd5 {[%emt 0:00:05]} cxd4 {[%emt 0:00:16]} 8. Nxd4 {[%emt 0:00:34]} Nxd5 {[%emt 0:00:04]} 9. Bxe7 {[%emt 0:00:02]} Ncxe7 {[%emt 0:00:16]} 10. Bb5+ {[%emt 0:01:38]} Bd7 {[%emt 0:00:03]} 11. Qa4 {[%emt 0:00:00]} Nxc3 {[%emt 0:00:47]} 12. bxc3 {[%emt 0:00:00]} Nd5 {[%emt 0:01:08]} 13. Ne2 {[%emt 0:01:09]} Nb6 {[%emt 0:00:16]} 14. Qb4 {[%emt 0:00:23]} Rc8 {[%emt 0:02:30]} 15. Rc1 {[%emt 0:01:15]} Bxb5 {[%emt 0:01:25]} 16. Qxb5+ {[%emt 0:00:00]} Qd7 {[%emt 0:00:00]} 17. Qb4 {[%emt 0:00:24]} Nd5 {[%emt 0:00:14]} 18. Qa3 {[%emt 0:00:00]} a6 {[%emt 0:00:03]} 19. O-O {[%emt 0:00:03]} Qc6 {[%emt 0:00:20]} 20. Rfd1 {[%emt 0:00:03]} Qc5 {[%emt 0:00:01]} 21. Qa4+ {[%emt 0:00:53]} Qc6 {[%emt 0:00:08]} 22. Qa3 {[%emt 0:00:00]} Qc5 {[%emt 0:00:00]} 23. Qa4+ {[%emt 0:00:00]} Qc6 {[%emt 0:00:00]} 24. Qa3 {[%emt 0:00:00]} 1/2-1/2

[Event "Balkan Youth Online-ch 2020"]
[Site "Online"]
[Date "2020.10.31"]
[Round "4.94"]
[White "Ergazaki, Eirini"]
[Black "Zeycan, Alara"]
[Result "1-0"]
[WhiteElo "1577"]
[BlackElo "1230"]
[Annotator "NA RC"]
[PlyCount "113"]
[EventDate "2020.10.31"]
[EventType "swiss"]
[SourceTitle "playchess.com"]
[Source "ChessBase"]
[SourceQuality "1"]
[TimeControl "1500+5"]

1. e4 {[%emt 0:00:00]} e5 {[%emt 0:00:02]} 2. Nf3 {[%emt 0:00:00]} Nc6 {[%emt 0:00:00]} 3. d4 {[%emt 0:00:00]} exd4 {[%emt 0:00:00]} 4. Bc4 {[%emt 0:00:00]} Nf6 {[%emt 0:00:04]} 5. Ng5 {[%emt 0:00:00]} d5 {[%emt 0:00:03]} 6. exd5 {[%emt 0:00:00]} Qe7+ {[%emt 0:00:10]} 7. Kf1 {[%emt 0:00:00]} Ne5 {[%emt 0:00:00]} 8. Qxd4 {[%emt 0:00:00]} h6 {[%emt 0:00:31]} 9. Ne4 {[%emt 0:01:01]} Nxe4 {[%emt 0:03:21]} 10. Qxe4 {[%emt 0:00:25]} Nxc4 {[%emt 0:00:03]} 11. Qxc4 {[%emt 0:00:00]} Qc5 {[%emt 0:00:00]} 12. Qe4+ {[%emt 0:02:57]} Be7 {[%emt 0:00:05]} 13. b3 {[%emt 0:00:30]} O-O {[%emt 0:00:20]} 14. Ba3 {[%emt 0:00:45]} Bf5 {[%emt 0:02:45]} 15. Qxf5 {[%emt 0:01:59]} Qb5+ {[%emt 0:00:04]} 16. c4 {[%emt 0:00:00]} Qe8 {[%emt 0:00:00]} 17. Bxe7 {[%emt 0:00:44]} Qxe7 {[%emt 0:00:00]} 18. Nd2 {[%emt 0:00:33]} Qb4 {[%emt 0:00:03]} 19. Qd3 {[%emt 0:00:15]} Rad8 {[%emt 0:00:07]} 20. Ne4 {[%emt 0:01:12]} Rfe8 {[%emt 0:00:39]} 21. Re1 {[%emt 0:01:03]} f5 {[%emt 0:00:13]} 22. Nc3 {[%emt 0:00:09]} Rxe1+ {[%emt 0:00:08]} 23. Kxe1 {[%emt 0:00:01]} Re8+ {[%emt 0:00:00]} 24. Kd1 {[%emt 0:00:18]} Qe7 {[%emt 0:00:09]} 25. Qxf5 {[%emt 0:00:46]} Qh4 {[%emt 0:00:08]} 26. Ne2 {[%emt 0:01:16]} Qe7 {[%emt 0:00:57]} 27. Re1 {[%emt 0:00:32]} Qa3 {[%emt 0:00:12]} 28. Qc2 {[%emt 0:00:01]} Qc5 {[%emt 0:00:07]} 29. Nf4 {[%emt 0:00:47]} Qd4+ {[%emt 0:00:55]} 30. Nd3 {[%emt 0:00:34]} Qa1+ {[%emt 0:01:02]} 31. Nc1 {[%emt 0:00:16]} Qd4+ {[%emt 0:00:00]} 32. Qd2 {[%emt 0:00:00]} Rxe1+ {[%emt 0:00:12]} 33. Kxe1 {[%emt 0:00:00]} Qe4+ {[%emt 0:00:00]} 34. Kf1 {[%emt 0:00:15]} Kf7 {[%emt 0:00:00]} 35. Qd3 {[%emt 0:00:43]} Qf4 {[%emt 0:00:14]} 36. Qf3 {[%emt 0:00:20]} Qf6 {[%emt 0:00:05]} 37. Ke2 {[%emt 0:00:08]} Ke7 {[%emt 0:00:00]} 38. Qxf6+ {[%emt 0:00:00]} Kxf6 {[%emt 0:00:00]} 39. Nd3 {[%emt 0:00:00]} Ke7 {[%emt 0:00:02]} 40. Ke3 {[%emt 0:00:00]} Kd6 {[%emt 0:00:00]} 41. Kd4 {[%emt 0:00:00]} c6 {[%emt 0:00:00]} 42. Nf4 {[%emt 0:00:00]} b6 {[%emt 0:00:00]} 43. Ne6 {[%emt 0:00:00]} g6 {[%emt 0:00:00]} 44. Nd8 {[%emt 0:00:09]} cxd5 {[%emt 0:00:04]} 45. cxd5 {[%emt 0:00:00]} Kd7 {[%emt 0:00:00]} 46. Nf7 {[%emt 0:00:00]} h5 {[%emt 0:00:00]} 47. Ne5+ {[%emt 0:00:00]} Kd6 {[%emt 0:00:00]} 48. Nxg6 {[%emt 0:00:00]} b5 {[%emt 0:00:00]} 49. f4 {[%emt 0:00:00]} b4 {[%emt 0:00:00]} 50. f5 {[%emt 0:00:00]} h4 {[%emt 0:00:00]} 51. f6 {[%emt 0:00:00]} h3 {[%emt 0:00:00]} 52. gxh3 {[%emt 0:00:00]} a5 {[%emt 0:00:00]} 53. f7 {[%emt 0:00:00]} a4 {[%emt 0:00:00]} 54. f8=Q+ {[%emt 0:00:00]} Kd7 {[%emt 0:00:00]} 55. Qe7+ {[%emt 0:00:00]} Kc8 {[%emt 0:00:00]} 56. d6 {[%emt 0:00:00]} a3 {[%emt 0:00:00]} 57. Qc7# {[%emt 0:00:00]} 1-0

[Event "Balkan Youth Online-ch 2020"]
[Site "Online"]
[Date "2020.10.31"]
[Round "5.1"]
[White "Kisic, Jovan"]
[Black "Ivanov, Andrey A."]
[Result "1/2-1/2"]
[WhiteElo "2099"]
[BlackElo "2180"]
[Annotator "TA"]
[PlyCount "104"]
[EventDate "2020.10.31"]
[EventType "swiss"]
[SourceTitle "playchess.com"]
[Source "ChessBase"]
[SourceQuality "1"]

{[%evp 10,104,26,20,31,-31,-16,-20,-16,-17,6,8,24,19,27,35,150,147,150,0,0,0,16,-9,42,24,141,66,206,214,219,210,230,217,222,231,213,225,219,154,151,152,188,147,188,195,193,191,204,186,190,191,186,184,195,163,191,184,187,198,193,195,183,186,183,177,183,190,179,180,184,170,162,118,111,114,120,120,120,106,106,106,106,104,104,104,104,99,104,104,104,0,99,56,56,56,56]} 1. d4 d5 2. Nf3 e6 3. Bf4 Nf6 4. e3 c5 5. c3 Qb6 6. Qb3 Nc6 {D02: 1 d4 d5 2 Nf3 sidelines, including 2...Nf6 3 g3 and 2...Nf6 3 Bf4.} 7. Bb5 (7. Be2 $14) 7... c4 8. Bxc6+ Qxc6 {The position is equal.} 9. Qc2 {[#]} Bd7 $146 ({Predecessor:} 9... Bd6 10. Bg3 b5 11. a3 a5 12. Nbd2 O-O 13. O-O Bb7 14. Bxd6 Qxd6 15. Ne5 Nd7 {0-1 (50) Radevic,F (1974)-Tadic,S (1993) Belgrade 2017}) 10. Nbd2 Bd6 11. Ne5 Bxe5 12. Bxe5 Ne4 (12... O-O $14) 13. Nxe4 $16 ({Don't take} 13. Bxg7 Rg8 $16) 13... dxe4 14. Qe2 ({Only move:} 14. Bxg7 $16 Rg8 15. Be5) 14... f6 $11 15. Bg3 Ke7 16. f3 a6 ({Black should play} 16... h5 $11) 17. Rf1 g5 (17... h5 $11) 18. f4 ({Better is} 18. O-O-O $16) 18... Qb5 ({Black should try} 18... h6 $14) 19. fxg5 $18 Qxg5 20. Rf4 Qd5 21. Bh4 Rhf8 22. Qf2 {[%cal Rh4f6]} Kd6 {Black hopes to continue with ...f5.} 23. Bxf6 Kc6 24. Be7 Rxf4 25. Qxf4 Rg8 26. g3 b6 {[#]} 27. O-O-O $1 Re8 28. Ba3 Kb7 29. Rf1 Qf5 30. g4 Qxf4 31. Rxf4 {[%mdl 4096] Endgame KRB-KRB} Rg8 32. Rxe4 Bc6 33. Rf4 h5 34. gxh5 {aiming for h6.} Rg1+ 35. Kd2 Rg2+ 36. Ke1 Rxh2 37. Rf7+ Kc8 38. Bd6 Rh1+ 39. Kf2 {[#] Strongly threatening Rc7+.} Be4 40. Rc7+ Kd8 41. Rxc4 Rxh5 42. Kg3 b5 43. Rc5 Rd5 44. Rxd5 exd5 $16 {KB-KB} 45. Kf4 Bb1 46. a3 Ba2 47. Ke5 Kd7 48. Bb4 Kc6 49. Ba5 Kd7 50. Bb4 (50. b4 $16) 50... Bc4 (50... Kc6 $1 $11 {keeps the balance.}) 51. e4 dxe4 52. Kxe4 Ke6 {Av CentiPawn Loss W=-15/B=-15. Weighted=-17/-22} 1/2-1/2

[Event "Balkan Youth Online-ch 2020"]
[Site "Online"]
[Date "2020.10.31"]
[Round "5.3"]
[White "Gkavardinas, Antonios"]
[Black "Boci, Mateo"]
[Result "1-0"]
[WhiteElo "1606"]
[BlackElo "1286"]
[Annotator "NA RC"]
[PlyCount "179"]
[EventDate "2020.10.31"]
[EventType "swiss"]
[SourceTitle "playchess.com"]
[Source "ChessBase"]
[SourceQuality "1"]
[TimeControl "1500+5"]

1. e4 {[%emt 0:00:00]} e6 {[%emt 0:00:02]} 2. d4 {[%emt 0:00:00]} d5 {[%emt 0:00:03]} 3. Nc3 {[%emt 0:00:00]} Nf6 {[%emt 0:00:02]} 4. Bg5 {[%emt 0:00:00]} Be7 {[%emt 0:00:00]} 5. e5 {[%emt 0:00:00]} Nfd7 {[%emt 0:00:00]} 6. Bxe7 {[%emt 0:00:00]} Qxe7 {[%emt 0:00:04]} 7. f4 {[%emt 0:00:00]} a6 {[%emt 0:00:05]} 8. Nf3 {[%emt 0:00:00]} c5 {[%emt 0:00:02]} 9. Qd2 {[%emt 0:00:00]} Nc6 {[%emt 0:00:04]} 10. dxc5 {[%emt 0:00:00]} Nxc5 {[%emt 0:00:00]} 11. Bd3 {[%emt 0:00:00]} b5 {[%emt 0:00:07]} 12. O-O {[%emt 0:00:11]} O-O {[%emt 0:00:12]} 13. Ne2 {[%emt 0:00:41]} f6 {[%emt 0:00:15]} 14. exf6 {[%emt 0:01:04]} Qxf6 {[%emt 0:00:49]} 15. c3 {[%emt 0:00:09]} Nxd3 {[%emt 0:00:17]} 16. Qxd3 {[%emt 0:00:16]} h6 {[%emt 0:00:50]} 17. Ned4 {[%emt 0:00:32]} Bd7 {[%emt 0:00:46]} 18. Rae1 {[%emt 0:00:47]} Rae8 {[%emt 0:00:25]} 19. Nxc6 {[%emt 0:00:36]} Bxc6 {[%emt 0:00:03]} 20. Nd4 {[%emt 0:00:01]} Bd7 {[%emt 0:00:21]} 21. Rf3 {[%emt 0:00:57]} Re7 {[%emt 0:01:17]} 22. Qe3 {[%emt 0:00:40]} Rfe8 {[%emt 0:03:01]} 23. Qe5 {[%emt 0:00:34]} Qxe5 {[%emt 0:00:54]} 24. Rxe5 {[%emt 0:00:03]} a5 {[%emt 0:02:17]} 25. Rfe3 {[%emt 0:00:23]} Kf7 {[%emt 0:00:12]} 26. Nb3 {[%emt 0:00:38]} a4 {[%emt 0:00:27]} 27. Nc5 {[%emt 0:00:01]} Bc8 {[%emt 0:00:09]} 28. b3 {[%emt 0:01:27]} Rc7 {[%emt 0:00:42]} 29. b4 {[%emt 0:00:04]} Rce7 {[%emt 0:00:22]} 30. a3 {[%emt 0:00:16]} g6 {[%emt 0:00:20]} 31. Kf2 {[%emt 0:00:30]} Rd8 {[%emt 0:00:44]} 32. Rd3 {[%emt 0:00:26]} Kf6 {[%emt 0:00:28]} 33. Ke3 {[%emt 0:00:48]} g5 {[%emt 0:00:54]} 34. Ne4+ {[%emt 0:00:07]} Kg6 {[%emt 0:01:04]} 35. fxg5 {[%emt 0:02:10]} Rf8 {[%emt 0:00:20]} 36. Ng3 {[%emt 0:00:41]} hxg5 {[%emt 0:00:40]} 37. Rdxd5 {[%emt 0:01:09]} exd5 {[%emt 0:03:16]} 38. Rxe7 {[%emt 0:00:01]} Kf6 {[%emt 0:00:04]} 39. Rc7 {[%emt 0:00:12]} Ke6 {[%emt 0:00:35]} 40. Rc6+ {[%emt 0:00:37]} Ke5 {[%emt 0:00:32]} 41. Ne2 {[%emt 0:01:02]} g4 {[%emt 0:00:51]} 42. Rh6 {[%emt 0:01:04]} Re8 {[%emt 0:00:10]} 43. Rh5+ {[%emt 0:00:25]} Kd6+ {[%emt 0:00:07]} 44. Kd3 {[%emt 0:00:10]} Rf8 {[%emt 0:00:10]} 45. Kd4 {[%emt 0:00:36]} Be6 {[%emt 0:00:29]} 46. Ke3 {[%emt 0:00:35]} Re8 {[%emt 0:00:16]} 47. Rh6 {[%emt 0:00:56]} Ke5 {[%emt 0:00:07]} 48. Nd4 {[%emt 0:00:08]} Bd7 {[%emt 0:00:08]} 49. h4 {[%emt 0:00:35]} gxh3 {[%emt 0:00:09]} 50. gxh3 {[%emt 0:00:00]} Rc8 {[%emt 0:00:29]} 51. Nf3+ {[%emt 0:00:43]} Kf5 {[%emt 0:00:09]} 52. Kd4 {[%emt 0:00:05]} Rc4+ {[%emt 0:00:18]} 53. Kd3 {[%emt 0:00:08]} Rf4 {[%emt 0:00:29]} 54. Nd2 {[%emt 0:00:31]} Rf2 {[%emt 0:00:17]} 55. Ke3 {[%emt 0:00:02]} Rh2 {[%emt 0:00:16]} 56. Nf3 {[%emt 0:00:33]} Ra2 {[%emt 0:00:06]} 57. Rd6 {[%emt 0:00:00]} Rxa3 {[%emt 0:00:25]} 58. Rxd7 {[%emt 0:00:03]} Rxc3+ {[%emt 0:00:06]} 59. Ke2 {[%emt 0:00:00]} a3 {[%emt 0:00:09]} 60. Re7 {[%emt 0:00:23]} Kf4 {[%emt 0:00:37]} 61. Ne1 {[%emt 0:00:27]} Rxh3 {[%emt 0:00:08]} 62. Nd3+ {[%emt 0:00:33]} Kf5 {[%emt 0:00:09]} 63. Ra7 {[%emt 0:00:00]} Rh2+ {[%emt 0:00:09]} 64. Ke3 {[%emt 0:00:00]} a2 {[%emt 0:00:01]} 65. Kd4 {[%emt 0:00:00]} Rd2 {[%emt 0:00:17]} 66. Kc3 {[%emt 0:00:19]} Rh2 {[%emt 0:00:14]} 67. Nb2 {[%emt 0:00:04]} Ke4 {[%emt 0:00:09]} 68. Kb3 {[%emt 0:00:05]} Kd4 {[%emt 0:00:02]} 69. Kxa2 {[%emt 0:00:14]} Kc3 {[%emt 0:00:01]} 70. Ka3 {[%emt 0:00:30]} d4 {[%emt 0:00:07]} 71. Rc7+ {[%emt 0:00:01]} Kd2 {[%emt 0:00:02]} 72. Kb3 {[%emt 0:00:03]} Rh3+ {[%emt 0:00:06]} 73. Ka2 {[%emt 0:00:00]} Rh2 {[%emt 0:00:03]} 74. Rc5 {[%emt 0:00:33]} Rh1 {[%emt 0:00:02]} 75. Rxb5 {[%emt 0:00:14]} Kc3 {[%emt 0:00:02]} 76. Rb8 {[%emt 0:00:08]} d3 {[%emt 0:00:04]} 77. Nxd3 {[%emt 0:00:26]} Kxd3 {[%emt 0:00:10]} 78. Kb3 {[%emt 0:00:00]} Rb1+ {[%emt 0:00:03]} 79. Ka4 {[%emt 0:00:00]} Ra1+ {[%emt 0:00:01]} 80. Kb5 {[%emt 0:00:02]} Rb1 {[%emt 0:00:01]} 81. Rc8 {[%emt 0:00:24]} Kd4 {[%emt 0:00:01]} 82. Ka5 {[%emt 0:00:14]} Kd5 {[%emt 0:00:00]} 83. b5 {[%emt 0:00:07]} Kd6 {[%emt 0:00:00]} 84. Ka6 {[%emt 0:00:08]} Kd7 {[%emt 0:00:00]} 85. Rc2 {[%emt 0:00:06]} Ra1+ {[%emt 0:00:00]} 86. Kb7 {[%emt 0:00:01]} Rd1 {[%emt 0:00:00]} 87. b6 {[%emt 0:00:06]} Rd6 {[%emt 0:00:05]} 88. Ka7 {[%emt 0:00:10]} Kd8 {[%emt 0:00:14]} 89. b7 {[%emt 0:00:12]} Rd7 {[%emt 0:00:00]} 90. Ka8 {[%emt 0:00:05]} 1-0

[Event "Balkan Youth Online-ch 2020"]
[Site "Online"]
[Date "2020.10.31"]
[Round "5.4"]
[White "Kovacec, Tilen"]
[Black "Sava, Robert-Gabriel"]
[Result "0-1"]
[WhiteElo "1183"]
[BlackElo "1716"]
[Annotator "NA"]
[PlyCount "60"]
[EventDate "2020.10.31"]
[EventType "swiss"]
[SourceTitle "playchess.com"]
[Source "ChessBase"]
[SourceQuality "1"]
[TimeControl "1500+5"]

1. d4 {[%emt 0:00:00]} d5 {[%emt 0:00:00]} 2. c4 {[%emt 0:00:00]} c6 {[%emt 0:00:00]} 3. Nc3 {[%emt 0:00:00]} Nf6 {[%emt 0:00:00]} 4. cxd5 {[%emt 0:00:06]} cxd5 {[%emt 0:00:00]} 5. Bg5 {[%emt 0:00:24]} h6 {[%emt 0:00:00]} 6. Bxf6 {[%emt 0:00:39]} gxf6 {[%emt 0:00:04]} 7. Qc2 {[%emt 0:00:22]} Nc6 {[%emt 0:00:00]} 8. e3 {[%emt 0:00:05]} e5 {[%emt 0:00:34]} 9. Nf3 {[%emt 0:00:33]} e4 {[%emt 0:00:10]} 10. Ng1 {[%emt 0:00:01]} Be6 {[%emt 0:00:17]} 11. Bb5 {[%emt 0:00:25]} a6 {[%emt 0:00:22]} 12. Bxc6+ {[%emt 0:00:01]} bxc6 {[%emt 0:00:00]} 13. Nge2 {[%emt 0:00:01]} Bd6 {[%emt 0:00:11]} 14. O-O {[%emt 0:00:02]} Bd7 {[%emt 0:00:19]} 15. Rfc1 {[%emt 0:00:10]} h5 {[%emt 0:00:17]} 16. Na4 {[%emt 0:01:16]} h4 {[%emt 0:00:30]} 17. Nc5 {[%emt 0:00:45]} Rc8 {[%emt 0:00:02]} 18. Nxd7 {[%emt 0:00:14]} Qxd7 {[%emt 0:00:00]} 19. h3 {[%emt 0:00:03]} Rg8 {[%emt 0:00:00]} 20. Kh1 {[%emt 0:00:00]} Ke7 {[%emt 0:00:23]} 21. Nc3 {[%emt 0:00:27]} Rg5 {[%emt 0:01:17]} 22. Rg1 {[%emt 0:00:21]} Rcg8 {[%emt 0:00:09]} 23. g4 {[%emt 0:01:55]} hxg3 {[%emt 0:00:07]} 24. Kg2 {[%emt 0:00:55]} gxf2+ {[%emt 0:01:04]} 25. Kxf2 {[%emt 0:00:00]} Qxh3 {[%emt 0:00:01]} 26. Rxg5 {[%emt 0:04:02]} Rxg5 {[%emt 0:00:17]} 27. Ne2 {[%emt 0:02:33]} Rg2+ {[%emt 0:00:16]} 28. Ke1 {[%emt 0:00:35]} Bb4+ {[%emt 0:00:00]} 29. Kd1 {[%emt 0:01:48]} Qh1+ {[%emt 0:00:00]} 30. Ng1 {[%emt 0:00:20]} Qxg1# {[%emt 0:00:00]} 0-1